KOHA-Header-6

Issues in Pakistan Economy (Record no. 1183)

000 -LEADER
fixed length control field 00321nam a2200133Ia 4500
008 - FIXED-LENGTH DATA ELEMENTS--GENERAL INFORMATION
fixed length control field 190722s9999 xx 000 0 und d
020 ## - INTERNATIONAL STANDARD BOOK NUMBER
International Standard Book Number 978-0-19-940183-3
100 ## - MAIN ENTRY--PERSONAL NAME
Personal name S.Akbar Zaidi
245 #0 - TITLE STATEMENT
Title Issues in Pakistan Economy
250 ## - EDITION STATEMENT
Edition statement 3rd
260 ## - PUBLICATION, DISTRIBUTION, ETC. (IMPRINT)
Place of publication, distribution, etc Karachi
Name of publisher, distributor, etc Oxford Press
Date of publication, distribution, etc 2015
300 ## - PHYSICAL DESCRIPTION
Extent 836
942 ## - ADDED ENTRY ELEMENTS (KOHA)
Koha item type Books
Holdings
Withdrawn status Lost status Source of classification or shelving scheme Damaged status Not for loan Collection code Permanent Location Current Location Shelving location Date acquired Total Checkouts Total Renewals Full call number Barcode Date last seen Date checked out Price effective from Koha item type
          Economics MAJU MAJU Shelf No.A48 2019-07-22 2 3 330.95 7808 2024-09-19 2020-09-10 2019-07-22 Economics

Powered by Koha